Statistiques concernant Paroles - Le monde est Stone - Fabienne Thibeault

Cliquez ici pour prendre le quiz!

Statistiques générales

  • Ce quiz a été pris 370 fois
  • Le résultat moyen est 134 sur 156

Statistiques - réponses

Paroles% Correct
je
99%
la
99%
le
99%
mon
99%
stone
99%
de
98%
est
98%
monde
98%
qui
98%
j'ai
96%
me
96%
à
95%
et
95%
au
94%
mourir
94%
tête
94%
laisser
93%
dormir
92%
éclate
92%
pas
92%
sur
92%
ces
91%
milieu
91%
moi
91%
nuit
91%
voudrais
91%
ou
90%
seulement
90%
si
90%
soleil
90%
c'est
89%
terre
89%
tourne
89%
bien
88%
cherche
88%
du
88%
l'envers
88%
ma
88%
m'étendre
88%
cinéma
87%
l'asphalte
85%
j'sais
84%
m'fais
79%
envie
77%
des
76%
plus
76%
pour
75%
comme
72%
tous
71%
que
70%
battre
69%
automates
68%
d'me
68%
comme
66%
venez
65%
d'souffrir
62%
m'abattre
62%
m'secourir
62%
plutôt
61%
m'empêcher
60%
châteaux
59%
débattre
59%
peut
59%
cartes
58%
empires
58%
bâtissent
56%
laissez-moi
56%
souffrir
56%
détruire
55%
vent
55%
d'courir
50%

Distribution des résultats

Percentile par nombre de réponses

% des personnes avec chaque résultat

Votre développement - résultats

Vous n’avez pas pris ce quiz